[Event "MCRE_CF12"]
[Site "?"]
[Date "2006.??.??"]
[Round "?"]
[White "Krejci, Jan"]
[Black "Markytan, Vladislav"]
[Result "0-1"]
[WhiteElo "2200"]
[BlackElo "2227"]
[PlyCount "58"]
[EventDate "2006.??.??"]
[EventType "corr"]
[EventRounds "2"]
[SourceDate "2006.08.10"]

1. Nf3 Nf6 2. c4 e6 3. g3 d5 4. Bg2 Be7 5. O-O O-O 6. b3 d4 7. e3 c5 8. exd4
cxd4 9. d3 Nc6 10. Re1 Nd7 11. Na3 Bb4 12. Re2 e5 13. Nc2 Bc3 14. Rb1 Re8 15.
Bd2 Bxd2 16. Qxd2 f6 17. b4 a6 18. a4 Nb6 19. Ra1 Nxc4 20. dxc4 d3 21. Ree1
dxc2 22. b5 Qxd2 23. Nxd2 axb5 24. axb5 Rxa1 25. Rxa1 Nb4 26. Kf1 Rd8 27. Ke2
Bg4+ 28. f3 Bf5 29. Nb3 Bd3+ 0-1

[Event "MCRE_CF12"]
[Site "?"]
[Date "2006.??.??"]
[Round "?"]
[White "Tyrlik, Jaroslav"]
[Black "Jednicky, Vaclav"]
[Result "1/2-1/2"]
[WhiteElo "2076"]
[BlackElo "1600"]
[PlyCount "154"]
[EventDate "2006.??.??"]
[EventType "corr"]
[EventRounds "2"]
[SourceDate "2006.08.10"]

1. d4 Nf6 2. c4 e6 3. Nf3 d5 4. e3 Nbd7 5. Nbd2 c5 6. cxd5 Nxd5 7. e4 N5f6 8.
e5 Nd5 9. Bc4 cxd4 10. Bxd5 exd5 11. O-O Be7 12. Nb3 O-O 13. Nbxd4 Re8 14. Re1
Nc5 15. Be3 Bd7 16. Ne2 Ba4 17. b3 Bc6 18. Nfd4 Ne6 19. Nxe6 fxe6 20. Nd4 Bd7
21. Qg4 Bc5 22. Nc6 Qb6 23. Bxc5 Qxc5 24. Nd4 Rac8 25. a4 Re7 26. Rad1 Rf7 27.
f4 Rff8 28. Qh4 g6 29. Re3 Qb6 30. Rh3 Rf7 31. Rf3 Rff8 32. Qe1 a5 33. Qh4 Qb4
34. Qg4 Qb6 35. Qg5 Rf7 36. Qg3 Kh8 37. Rfd3 Rcf8 38. Rf1 Qb4 39. Rdd1 b5 40.
axb5 Bxb5 41. Rf2 Bd7 42. Qe3 Rc8 43. Rfd2 Kg8 44. Ra2 Rc3 45. Qd2 Rf8 46. h3
Kg7 47. Kh2 Re8 48. h4 h5 49. Rc2 Rxc2 50. Qxb4 Rxg2+ 51. Kxg2 axb4 52. Ra1 Kf8
53. Ra7 Rd8 54. Kf3 Ke8 55. Rb7 Rc8 56. Rxb4 Rc3+ 57. Ke2 Rh3 58. Rb8+ Ke7 59.
Nf3 d4 60. Nxd4 Rxh4 61. Ke3 Rh1 62. Rg8 Kf7 63. Rh8 Re1+ 64. Kd3 Rd1+ 65. Kc3
Rc1+ 66. Kd2 Rf1 67. Rh7+ Ke8 68. Ke3 Re1+ 69. Kd3 Rd1+ 70. Kc4 Rc1+ 71. Kb4
Rf1 72. f5 gxf5 73. Kc5 Rf4 74. Ne2 Re4 75. Kd6 Bc8 76. Nc3 Re3 77. Nb5 Rd3+
1/2-1/2

[Event "MCRE_CF12"]
[Site "?"]
[Date "2006.??.??"]
[Round "?"]
[White "Vrnak, Michal"]
[Black "Ryska, Jiri"]
[Result "1-0"]
[WhiteElo "1800"]
[BlackElo "2072"]
[PlyCount "71"]
[EventDate "2006.??.??"]
[EventType "corr"]
[EventRounds "2"]
[SourceDate "2006.08.10"]

1. d4 Nf6 2. c4 Nc6 3. d5 Ne5 4. Qd4 d6 5. Nc3 c5 6. Qd1 g6 7. e4 Bg7 8. f4
Ned7 9. Be2 O-O 10. Nf3 Nb6 11. O-O Bg4 12. Ng5 Bxe2 13. Qxe2 h6 14. Nf3 Qd7
15. a4 a5 16. e5 Ne8 17. b3 e6 18. dxe6 Qxe6 19. Ba3 Nd7 20. Nd5 dxe5 21. fxe5
Rc8 22. Bb2 Nc7 23. Rad1 Rfe8 24. Qf2 Red8 25. Nh4 b6 26. Qg3 Kh7 27. Nf6+ Bxf6
28. exf6 Nf8 29. Rde1 Qd6 30. Be5 Qd7 31. Nf5 h5 32. Qg5 Qxf5 33. Rxf5 Nce6 34.
Qh4 gxf5 35. Qxh5+ Kg8 36. Re3 1-0

[Event "MCRE_CF12"]
[Site "?"]
[Date "2006.??.??"]
[Round "?"]
[White "Markytan, Vladislav"]
[Black "Tyrlik, Jaroslav"]
[Result "0-1"]
[WhiteElo "2227"]
[BlackElo "2076"]
[PlyCount "84"]
[EventDate "2006.??.??"]
[EventType "corr"]
[EventRounds "2"]
[SourceDate "2006.08.10"]

1. d4 d5 2. c4 e6 3. Nc3 Nf6 4. Nf3 Nbd7 5. e3 c6 6. Qc2 Bd6 7. Be2 dxc4 8. a4
O-O 9. Bxc4 c5 10. Bd3 cxd4 11. exd4 b6 12. O-O Bb7 13. Qe2 Qb8 14. Bg5 a6 15.
Ne4 Nxe4 16. Bxe4 Ra7 17. Bxb7 Qxb7 18. Nd2 h6 19. Be3 Qd5 20. Rfc1 Rd8 21. h3
Raa8 22. Nc4 Bf8 23. a5 b5 24. Nb6 Nxb6 25. axb6 Rdb8 26. Rc5 Qd8 27. Qg4 Rxb6
28. Rh5 Rd6 29. Rxh6 g6 30. Bg5 Qe8 31. Rh4 Bg7 32. Qf3 Rd5 33. Qe3 a5 34. Rd1
a4 35. Bh6 Bf6 36. Re4 Qd7 37. Qf3 Bh8 38. Rg4 b4 39. Rd3 Rc8 40. Qg3 Bg7 41.
Bxg7 Kxg7 42. Rd2 Qb5 0-1

[Event "MCRE_CF12"]
[Site "?"]
[Date "2006.??.??"]
[Round "?"]
[White "Ryska, Jiri"]
[Black "Jednicky, Vaclav"]
[Result "0-1"]
[WhiteElo "2072"]
[BlackElo "1600"]
[PlyCount "86"]
[EventDate "2006.??.??"]
[EventType "corr"]
[EventRounds "2"]
[SourceDate "2006.08.10"]

1. e4 e5 2. Nf3 Nc6 3. Bc4 Bc5 4. c3 Nf6 5. b4 Bb6 6. d3 d6 7. O-O O-O 8. a4 a5
9. b5 Ne7 10. Bg5 Ng6 11. Nbd2 h6 12. Be3 Bxe3 13. fxe3 c6 14. bxc6 bxc6 15.
Qe1 Rb8 16. Qg3 d5 17. exd5 cxd5 18. Bb5 Ng4 19. e4 dxe4 20. dxe4 Nf4 21. Kh1
Qc7 22. h3 Nf6 23. Qf2 Rd8 24. Qe3 Ne6 25. Nb3 Bb7 26. Nfd2 Nf4 27. Kh2 Rbc8
28. g3 Ne6 29. Rac1 Bc6 30. c4 Ng5 31. Rxf6 gxf6 32. h4 Bxb5 33. axb5 Ne6 34.
Ra1 Nd4 35. Nxd4 Rxd4 36. Qxh6 Qd8 37. Ra2 Rd3 38. Kg2 a4 39. Nf1 Rxc4 40. Re2
a3 41. Rf2 Rxe4 42. Qxf6 Qxf6 43. Rxf6 Ra4 0-1

[Event "MCRE_CF12"]
[Site "?"]
[Date "2006.??.??"]
[Round "?"]
[White "Markytan, Vladislav"]
[Black "Jednicky, Vaclav"]
[Result "1/2-1/2"]
[WhiteElo "2227"]
[BlackElo "1600"]
[PlyCount "102"]
[EventDate "2006.??.??"]
[EventType "corr"]
[EventRounds "2"]
[SourceDate "2006.08.10"]

1. d4 Nf6 2. c4 e6 3. Nf3 d5 4. Nc3 Bb4 5. Bg5 h6 6. Bxf6 Qxf6 7. Qb3 Nc6 8. e3
O-O 9. Bd3 Bd6 10. cxd5 Nb4 11. Bb1 Nxd5 12. e4 Nxc3 13. e5 Qd8 14. bxc3 Be7
15. Qc2 g6 16. Qd2 Kg7 17. h4 c5 18. h5 g5 19. O-O Bd7 20. Qd3 Rh8 21. Qe3 Qa5
22. Be4 cxd4 23. cxd4 Rac8 24. Rfb1 b6 25. Nd2 Rc3 26. Qe2 Rhc8 27. Nb3 Qb5 28.
Qg4 Qa4 29. Re1 Bc6 30. Bxc6 Qxc6 31. Red1 Rc4 32. Rac1 a5 33. Rxc4 Qxc4 34.
Rc1 Qa6 35. Rd1 a4 36. Nd2 Rc2 37. d5 Rxa2 38. dxe6 Qc8 39. Nf3 Qxe6 40. Qe4
Bc5 41. Nd4 Bxd4 42. Rxd4 b5 43. Rd6 Qe7 44. Qd4 Rc2 45. Rd5 Rc1+ 46. Kh2 Rc4
47. Qa1 Rb4 48. e6+ Qf6 49. Qe1 Rh4+ 50. Kg1 Qxe6 51. Qa1+ Qf6 1/2-1/2

[Event "MCRE_CF12"]
[Site "?"]
[Date "2006.??.??"]
[Round "?"]
[White "Vrnak, Michal"]
[Black "Tyrlik, Jaroslav"]
[Result "1-0"]
[WhiteElo "1800"]
[BlackElo "2076"]
[PlyCount "103"]
[EventDate "2006.??.??"]
[EventType "corr"]
[EventRounds "2"]
[SourceDate "2006.08.10"]

1. d4 Nf6 2. c4 e6 3. Nf3 d5 4. g3 dxc4 5. Bg2 c5 6. O-O Nc6 7. Ne5 Bd7 8. e3
cxd4 9. exd4 Rc8 10. Nc3 Qb6 11. Nxd7 Nxd7 12. d5 Nce5 13. Be3 Qa6 14. dxe6
fxe6 15. Bd4 Bc5 16. Ne4 Bxd4 17. Qxd4 O-O 18. f4 Ng6 19. f5 exf5 20. Nd6 Rc7
21. Bd5+ Kh8 22. Nf7+ Rxf7 23. Bxf7 Qf6 24. Qxf6 gxf6 25. Be6 Nge5 26. Rac1 Kg7
27. Rc2 b5 28. Bxf5 Nc5 29. Rd1 Re7 30. Re2 Rc7 31. Rd8 Ncd3 32. Be6 Kh6 33.
Kf1 a5 34. Rf8 Rc6 35. Re4 Kg5 36. Rg8+ Ng6 37. Bd7 Rc7 38. Bxb5 Nxb2 39. Ree8
Rc5 40. Rb8 Kh6 41. Rgc8 Rf5+ 42. Kg1 Ne5 43. Bd7 Nxd7 44. Rxb2 Ne5 45. Rf2 Kg5
46. Ra8 Kg4 47. h3+ Kg5 48. a4 Kg6 49. Rg8+ Kf7 50. Rxf5 Kxg8 51. Rxf6 Nd3 52.
Ra6 1-0

[Event "MCRE_CF12"]
[Site "?"]
[Date "2006.??.??"]
[Round "?"]
[White "Tyrlik, Jaroslav"]
[Black "Markytan, Vladislav"]
[Result "0-1"]
[WhiteElo "2076"]
[BlackElo "2227"]
[PlyCount "102"]
[EventDate "2006.??.??"]
[EventType "corr"]
[EventRounds "2"]
[SourceDate "2006.08.10"]

1. d4 Nf6 2. c4 e6 3. Nf3 d5 4. e3 Be7 5. cxd5 exd5 6. Bd3 O-O 7. O-O Re8 8.
Nc3 c6 9. Qc2 Bd6 10. Re1 Na6 11. a3 Bg4 12. h3 Bxf3 13. gxf3 g6 14. Bxa6 bxa6
15. e4 Nh5 16. Ne2 Rc8 17. e5 Bf8 18. f4 c5 19. dxc5 Bxc5 20. Qd3 Bb6 21. Nc3
Qh4 22. Qf3 Red8 23. Rd1 Rc4 24. Ne2 d4 25. Rd3 Rc2 26. Kf1 a5 27. b3 Qe7 28.
a4 Ng7 29. Ba3 Qe6 30. Rad1 Nf5 31. Ng3 Nxg3+ 32. Qxg3 Ra2 33. Bd6 Rc8 34. Qf3
h6 35. Kg2 Rc3 36. f5 gxf5 37. Qg3+ Qg6 38. h4 h5 39. Kh2 Qg4 40. Be7 Rb2 41.
Qg2 Rcxb3 42. Bf6 Kh7 43. Qg3 Rc3 44. Qg2 Re2 45. Kg1 f4 46. Bg5 f3 47. Qxg4
hxg4 48. Bf4 Kg6 49. Bg3 Rxd3 50. Rxd3 Ra2 51. Rd1 Rxa4 0-1

[Event "MCRE_CF12"]
[Site "?"]
[Date "2006.??.??"]
[Round "?"]
[White "Jednicky, Vaclav"]
[Black "Vrnak, Michal"]
[Result "1-0"]
[WhiteElo "1600"]
[BlackElo "1800"]
[PlyCount "103"]
[EventDate "2006.??.??"]
[EventType "corr"]
[EventRounds "2"]
[SourceDate "2006.08.10"]

1. e4 e5 2. Nf3 Nc6 3. Bb5 a6 4. Ba4 Nf6 5. O-O Be7 6. Re1 b5 7. Bb3 d6 8. c3
O-O 9. d4 Bg4 10. Be3 exd4 11. cxd4 Na5 12. Bc2 c5 13. h3 Bxf3 14. Qxf3 Nc4 15.
dxc5 dxc5 16. Bf4 Nd7 17. e5 Nxb2 18. Nc3 c4 19. Rab1 Nd3 20. Bxd3 cxd3 21.
Qxd3 Rc8 22. Red1 Bg5 23. Bxg5 Qxg5 24. Nd5 Rfe8 25. f4 Qg6 26. Qa3 Rc2 27. Ne3
Rcc8 28. Rb3 Nf8 29. Kh2 Qe4 30. Rb4 Qa8 31. Nf5 Rc2 32. Qg3 g6 33. Rbd4 Rxa2
34. Nh6+ Kg7 35. Nxf7 Rxg2+ 36. Qxg2 Qxg2+ 37. Kxg2 Kxf7 38. Kf3 g5 39. Ra1 Ne6
40. Rd7+ Kg6 41. Rxa6 gxf4 42. Ke4 Kg5 43. Kd5 Nf8 44. Rf7 b4 45. Rb6 Ng6 46.
e6 h5 47. Rxb4 Kh4 48. Rb3 Ne7+ 49. Rxe7 Rxe7 50. Kd6 Ra7 51. e7 Ra8 52. Kd7
1-0

[Event "MCRE_CF12"]
[Site "?"]
[Date "2006.??.??"]
[Round "?"]
[White "Jednicky, Vaclav"]
[Black "Ryska, Jiri"]
[Result "1-0"]
[WhiteElo "1600"]
[BlackElo "2072"]
[PlyCount "105"]
[EventDate "2006.??.??"]
[EventType "corr"]
[EventRounds "2"]
[SourceDate "2006.08.10"]

1. e4 Nh6 2. d4 g6 3. Nc3 c6 4. Bf4 Bg7 5. Qd2 Ng4 6. Nf3 d6 7. h3 Nf6 8. Bh6
O-O 9. Bxg7 Kxg7 10. O-O-O b5 11. e5 dxe5 12. dxe5 Qxd2+ 13. Rxd2 Nfd7 14. Ne4
Na6 15. a4 Nc7 16. axb5 cxb5 17. Be2 a6 18. Rhd1 Nb6 19. Nc5 Ne6 20. Nxe6+ Bxe6
21. Ng5 Bc4 22. Bxc4 Nxc4 23. Rd5 Rfc8 24. b3 Nb6 25. R5d4 h6 26. Ne4 a5 27.
Kb2 Rc6 28. f4 a4 29. R1d2 Ra7 30. g4 Rac7 31. Rd8 Nd7 32. Re8 a3+ 33. Ka1 f5
34. gxf5 gxf5 35. Ng3 Nc5 36. Nxf5+ Kh7 37. Ne3 a2 38. Rd1 e6 39. f5 exf5 40.
Nxf5 Ra6 41. Nd6 Rd7 42. Rg1 b4 43. Rc8 Ra5 44. Ne8 Ne4 45. Re1 Kg6 46. e6 Rdd5
47. Rc7 Rd8 48. Rg7+ Kf5 49. Nc7 Nd6 50. Rf1+ Ke5 51. e7 Rc8 52. Rg6 Rxc7 53.
Re1+ 1-0

[Event "MCRE_CF12"]
[Site "?"]
[Date "2006.??.??"]
[Round "?"]
[White "Vrnak, Michal"]
[Black "Markytan, Vladislav"]
[Result "1/2-1/2"]
[WhiteElo "1800"]
[BlackElo "2227"]
[PlyCount "75"]
[EventDate "2006.??.??"]
[EventType "corr"]
[EventRounds "2"]
[SourceDate "2006.08.10"]

1. d4 Nf6 2. c4 e6 3. Nc3 Bb4 4. Qc2 O-O 5. a3 Bxc3+ 6. Qxc3 b6 7. Bg5 Bb7 8.
e3 h6 9. Bh4 d6 10. f3 Nbd7 11. Bd3 e5 12. Ne2 Re8 13. O-O e4 14. fxe4 Bxe4 15.
Bxe4 Nxe4 16. Bxd8 Nxc3 17. Nxc3 Raxd8 18. Rae1 c6 19. Re2 a6 20. Rfe1 Rb8 21.
a4 Re6 22. Rd1 c5 23. e4 Rbe8 24. Kf2 Kh7 25. b3 Nf6 26. Kf3 g5 27. dxc5 bxc5
28. Nd5 Rb8 29. Re3 Nd7 30. Ke2 Rb7 31. g4 Ne5 32. Rg1 Kg6 33. Kd2 Re8 34. Rgg3
Rh8 35. Re2 Rhb8 36. Ree3 Re8 37. Kd1 Reb8 38. Kc2 1/2-1/2

[Event "MCRE_CF12"]
[Site "?"]
[Date "2006.??.??"]
[Round "?"]
[White "Tyrlik, Jaroslav"]
[Black "Vrnak, Michal"]
[Result "1/2-1/2"]
[WhiteElo "2076"]
[BlackElo "1800"]
[PlyCount "143"]
[EventDate "2006.??.??"]
[EventType "corr"]
[EventRounds "2"]
[SourceDate "2006.08.10"]

1. d4 d5 2. Bf4 Nf6 3. e3 e6 4. Nd2 Bd6 5. Be5 c5 6. Bb5+ Nc6 7. Ngf3 O-O 8.
Bxd6 Qxd6 9. O-O Bd7 10. a4 Ne7 11. Be2 Nc6 12. c3 Rac8 13. Re1 Rfd8 14. Bb5
Ng4 15. Nb3 b6 16. Nbd2 f6 17. Qb3 Be8 18. e4 cxd4 19. exd5 exd5 20. Ne4 Qc7
21. Bxc6 Bxc6 22. h3 Qf7 23. Ng3 dxc3 24. hxg4 d4 25. Qxf7+ Kxf7 26. bxc3 dxc3
27. Rec1 Bd5 28. Ne1 Bb3 29. Ne2 c2 30. Ra3 Be6 31. Nc3 Bxg4 32. Nxc2 Be6 33.
a5 bxa5 34. Ne3 Rd3 35. Kf1 f5 36. g3 g5 37. Ke2 Rd7 38. Rxa5 Rdc7 39. Ned1 h5
40. Rca1 Rxc3 41. Nxc3 Rxc3 42. Rxa7+ Kf6 43. R1a6 Rc4 44. Kd3 Re4 45. f3 Re5
46. Ra5 Re1 47. Ra1 Rxa1 48. Rxa1 Bd5 49. Ke3 Ke5 50. f4+ gxf4+ 51. gxf4+ Kf6
52. Ra6+ Kg7 53. Ra5 Be4 54. Ra2 Kg6 55. Rh2 Kh6 56. Kf2 Bc2 57. Rh1 Be4 58.
Rd1 h4 59. Rg1 Bd5 60. Rg5 Be4 61. Rg8 Kh7 62. Rg1 Bb7 63. Rg5 Kh6 64. Rxf5 h3
65. Kg3 Bc8 66. Rc5 Bd7 67. Rc7 Bf5 68. Rc6+ Kg7 69. Rd6 Kf7 70. Rd2 Kf6 71.
Kf3 Kg6 72. Re2 1/2-1/2

[Event "MCRE_CF12"]
[Site "?"]
[Date "2006.??.??"]
[Round "?"]
[White "Markytan, Vladislav"]
[Black "Ryska, Jiri"]
[Result "1-0"]
[WhiteElo "2227"]
[BlackElo "2072"]
[PlyCount "125"]
[EventDate "2006.??.??"]
[EventType "corr"]
[EventRounds "2"]
[SourceDate "2006.08.10"]

1. d4 Nf6 2. c4 Nc6 3. Nf3 e6 4. a3 d5 5. Nc3 Be7 6. e3 a6 7. Qc2 O-O 8. Bd2
Re8 9. Bd3 dxc4 10. Bxc4 h6 11. Ne4 Bd6 12. Bc3 Nd5 13. O-O Nxc3 14. bxc3 b6
15. Rfd1 Bb7 16. Be2 Nb8 17. a4 Nd7 18. a5 Nf6 19. Ned2 b5 20. c4 bxc4 21. Nxc4
Be4 22. Qc1 Qe7 23. Nfe5 Rec8 24. Bd3 Bb7 25. Rb1 Rab8 26. Rd2 Bb4 27. Rdb2 c5
28. Nb6 Rc7 29. Rc2 Bxa5 30. Rxc5 Bxb6 31. Rxb6 Rbc8 32. Nc6 Rxc6 33. Rbxc6
Rxc6 34. Rxc6 Bxc6 35. Qxc6 g6 36. Bxa6 Qb4 37. g3 g5 38. h3 Qb1+ 39. Kg2 Qe4+
40. Qxe4 Nxe4 41. Kf3 Nf6 42. e4 Kf8 43. Ke3 Ke7 44. Bb5 Nh5 45. Bc4 f6 46. Be2
Ng7 47. f4 Kf7 48. Bd3 Nh5 49. Kf3 Ng7 50. Kg4 Ke7 51. e5 Kf7 52. fxg5 hxg5 53.
Bc2 Ne8 54. Kh5 Nc7 55. Bg6+ Kg7 56. Bd3 Ne8 57. Bb5 Nc7 58. Bc4 Kf7 59. Kh6
Ne8 60. Bd3 Nc7 61. Bg6+ Ke7 62. Kg7 Nd5 63. h4 1-0

[Event "MCRE_CF12"]
[Site "?"]
[Date "2006.??.??"]
[Round "?"]
[White "Ryska, Jiri"]
[Black "Markytan, Vladislav"]
[Result "0-1"]
[WhiteElo "2072"]
[BlackElo "2227"]
[PlyCount "124"]
[EventDate "2006.??.??"]
[EventType "corr"]
[EventRounds "2"]
[SourceDate "2006.08.10"]

1. Nf3 Nf6 2. d4 e6 3. g3 d5 4. Bg2 c5 5. O-O Nc6 6. a3 Bd7 7. dxc5 Bxc5 8.
Nbd2 a5 9. c4 O-O 10. Qc2 Qe7 11. e4 Rac8 12. exd5 exd5 13. Re1 Qd8 14. Nb3 Ba7
15. Bg5 h6 16. Be3 Bxe3 17. Rxe3 dxc4 18. Nc5 b5 19. Nxd7 Qxd7 20. Rd1 Qc7 21.
b3 cxb3 22. Qxb3 Qb6 23. Rb1 b4 24. axb4 Nxb4 25. Ne5 Qc5 26. h3 Rc7 27. Nd3
Qd4 28. Nxb4 Rb8 29. Rd1 Qxb4 30. Qa2 Rbc8 31. Rb1 Rc1+ 32. Rxc1 Rxc1+ 33. Kh2
g5 34. Bf3 Kg7 35. Qa3 Rc5 36. Qa1 Rc2 37. Kg2 Rb2 38. Rd3 a4 39. Bd1 Qb7+ 40.
Kg1 Qb6 41. Re3 Ne4 42. Be2 Nc3 43. Bf1 Rc2 44. Bd3 Qd4 45. Qe1 Ra2 46. Bf1 Nd1
47. Rd3 Qxf2+ 48. Qxf2 Nxf2 49. Rd7 a3 50. Ra7 g4 51. hxg4 Nxg4 52. Bh3 Ne5 53.
Bf5 Kf6 54. Be4 Re2 55. Bd5 Re3 56. Kf2 Rd3 57. Be4 Rb3 58. Ra6+ Kg7 59. Ra7 h5
60. Bd5 Rd3 61. Ba8 Ng4+ 62. Kg2 Kh6 0-1

[Event "MCRE_CF12"]
[Site "?"]
[Date "2006.??.??"]
[Round "?"]
[White "Markytan, Vladislav"]
[Black "Vrnak, Michal"]
[Result "1/2-1/2"]
[WhiteElo "2227"]
[BlackElo "1800"]
[PlyCount "123"]
[EventDate "2006.??.??"]
[EventType "corr"]
[EventRounds "2"]
[SourceDate "2006.08.10"]

1. d4 Nf6 2. c4 e6 3. Nf3 b6 4. a3 Ba6 5. Qc2 Bb7 6. Nc3 c5 7. dxc5 bxc5 8. e4
Nc6 9. Bd3 d6 10. O-O Be7 11. Re1 Qb6 12. Rb1 Nd4 13. Nxd4 cxd4 14. Ne2 O-O 15.
b4 Rfc8 16. Bb2 e5 17. Ng3 g6 18. Bc1 Rc7 19. Bg5 Bc8 20. Rec1 Be6 21. Qd1 Rac8
22. c5 dxc5 23. bxc5 Qa5 24. Rb5 Qa6 25. h3 Qc6 26. f4 Qe8 27. f5 gxf5 28. exf5
Bd5 29. Qe2 e4 30. Bxf6 Bxf6 31. Bxe4 Bc6 32. Rbb1 Qe5 33. Qf3 Kh8 34. Bxc6
Rxc6 35. Ne4 Be7 36. f6 Bxc5 37. Nxc5 Rxc5 38. Rxc5 Qxc5 39. Qg3 Qf8 40. Rb3
Rc1+ 41. Kf2 Rc2+ 42. Kf1 Rc1+ 43. Ke2 Rc8 44. Qg5 Rd8 45. Rb7 a6 46. Re7 d3+
47. Kd2 h6 48. Qf4 a5 49. a4 Rb8 50. Kxd3 Kh7 51. Ke2 Qg8 52. Qe4+ Kh8 53. Kf2
Rb4 54. Qe5 Qg6 55. Kg1 Rb1+ 56. Kh2 Rf1 57. Ra7 Qxf6 58. Qxf6+ Rxf6 59. Rxa5
Rf4 60. g4 Rd4 61. Kg3 Kg7 62. h4 1/2-1/2